| 000 | 00921nam a22003017a 4500 | ||
|---|---|---|---|
| 999 |
_c25131 _d25131 |
||
| 001 | 2926615 | ||
| 003 | OSt | ||
| 005 | 20210610101422.0 | ||
| 008 | 170317b xxu||||| |||| 00| 0 eng d | ||
| 010 | _a 89025457 | ||
| 020 |
_a1854352946 : _c$19.95 |
||
| 040 |
_aMMU _cMMU _dMMU _beng |
||
| 042 | _alcac | ||
| 043 | _aa-io--- | ||
| 050 | 0 | 0 |
_aDS615 _b.M54 1990 |
| 082 | 0 | 0 |
_a959.8 _220 |
| 100 | 1 |
_aMirpuri, Gouri, _d1960- |
|
| 245 | 1 | 0 |
_aIndonesia / _cGouri Mirpuri. |
| 250 | _aReference ed. | ||
| 260 |
_aNew York : _bM. Cavendish, _cc1990. |
||
| 300 |
_a128 p. : _bcol. ill., col. maps ; _c25 cm. |
||
| 440 | 0 | _aCultures of the world | |
| 500 | _aIncludes bibliographical references (p. 127) and index. | ||
| 520 | _aIntroduces the geography, history, government, commerce, people, and culture of Indonesia. | ||
| 651 | 0 |
_aIndonesia _xJuvenile literature. |
|
| 651 | 1 | _aIndonesia. | |
| 942 |
_2lcc _cLOAN LOAN |
||